[Event "33rd Cannes Open 2019"]
[Site "Cannes"]
[Date "2019.02.19"]
[Round "2.3"]
[White "Maiorov, Nikita"]
[Black "Di Nicolantonio, Lucas"]
[Result "1-0"]
[WhiteElo "2523"]
[BlackElo "2364"]
[Annotator "TA"]
[PlyCount "63"]
[EventDate "2019.02.18"]
[EventType "swiss"]
[EventCountry "FRA"]
[SourceTitle "playchess.com"]
[Source "ChessBase"]
[SourceQuality "1"]

{[%evp 9,63,-4,20,31,27,-104,-101,-100,-102,-97,-97,-112,-108,-119,-55,-55,-58,-96,-90,-121,8,5,13,8,151,81,91,87,85,85,85,73,189,190,269,280,279,263,268,267,323,334,331,326,315,315,385,360,454,435,443,376,524,508,525,509]} 1. d4 d5 2. c4 dxc4 3. Nf3 a6 4. a4 Nc6 5. e3 Na5 6. Nbd2 {D21: Queen's Gambit Accepted: 3 Nf3 sidelines} Be6 {[%cal Bc8e6,Be6d5,Bd5c6][%mdl 32]} 7. Ng5 (7. Be2 $11 {remains equal.}) 7... Bd5 $1 $17 8. e4 {Black is better.} e6 $1 {Hoping for ...Bb4.} (8... e5 9. Ngf3 exd4 10. exd5 d3 11. Nxc4 Nxc4 12. Bxd3 Bb4+ {0-1 (68) Laznicka,V (2666)-Lupulescu,C (2630) Germany 2015}) 9. Ngf3 Bc6 10. Be2 Bb4 $146 ({Predecessor:} 10... Nf6 11. Qc2 Bb4 12. O-O Bxd2 13. Nxd2 Qxd4 14. Nxc4 Bxe4 {0-1 (36) Stadler,P (1169)-Herzog,K (1841) LSS email 2012}) 11. O-O Ne7 ({Better is} 11... b5 $17 12. Ne5 Ne7) 12. Qc2 $15 Bxd2 13. Nxd2 Qxd4 14. Rd1 {[%cal Rd2c4]} e5 (14... Qe5 $1 $17 15. Ra3 Rd8) 15. Ra3 $1 $11 {[%cal Ba1a3,Ba3c3,Bc3c7][%mdl 32]} O-O 16. Rc3 $1 {[%cal Rd2c4]} b6 (16... Rfe8 $11) 17. Nxc4 (17. Bf3 $142 $1) 17... Qxe4 $16 18. Qxe4 Bxe4 {[#]} 19. Nxa5 $1 bxa5 20. Rxc7 Nc6 {[#]} (20... Rfe8 $16) 21. f3 $1 $18 {[%cal Rf3e4]} Nd4 (21... Bc2 {was called for.}) 22. Rxd4 $1 exd4 23. fxe4 Rfc8 24. Rc4 Rxc4 25. Bxc4 Re8 26. Kf2 ({Much less strong is} 26. Bxa6 f5 $18) 26... Rxe4 27. b3 ({Not} 27. Bxa6 d3 $16) 27... g6 28. Bxa6 Re5 29. Bb5 Rc5 30. Bc4 Rc8 31. Bd2 Rc5 32. Ke2 {Precision: White = 68%, Black = 33%.} 1-0

[Event "33rd Cannes Open 2019"]
[Site "Cannes"]
[Date "2019.02.19"]
[Round "2.4"]
[White "Paszewski, Mateusz"]
[Black "Basso, Pier Luigi"]
[Result "1/2-1/2"]
[WhiteElo "2347"]
[BlackElo "2512"]
[Annotator "TA"]
[PlyCount "175"]
[EventDate "2019.02.18"]
[EventType "swiss"]
[EventCountry "FRA"]
[SourceTitle "playchess.com"]
[Source "ChessBase"]
[SourceQuality "1"]

{[%evp 14,175,32,29,19,18,22,24,57,20,76,22,18,18,32,-8,-9,-37,-26,-34,-23,-33,-30,-51,-50,-58,-43,-46,-27,-61,-20,-18,-20,-35,-19,-19,-19,-27,-27,-33,-27,-28,-31,-29,-38,-44,-14,-14,-14,-20,0,-56,0,-19,0,-27,-7,-8,-8,-27,-14,-26,0,-23,0,0,0,-29,-9,-22,0,0,0,0,72,-67,-7,-67,-67,-67,-67,-67,-67,-67,-2,-28,-28,-67,-49,-67,-61,-67,-49,-67,-38,-49,0,0,0,-15,0,0,0,-14,0,0,0,0,0,0,0,0,0,0,0,0,0,0,0,0,0,0,0,0,0,0,0,0,0,0,0,0,0,0,0,0,0,0,0,0,0,0,0,0,0,0,0,0,0,0,0,0,0,0,0,0,0,0,0,0,0,0,0,0]} 1. c4 c6 2. d4 d5 3. cxd5 cxd5 4. Bg5 (4. Nf3 Nc6 5. Nc3 Nf6 6. Bf4 Bf5 7. e3 e6 8. Bd3 Bxd3 9. Qxd3 Bd6 10. Bxd6 Qxd6 11. O-O O-O {½-½ (11) Dreev,A (2670)-Mamedyarov,S (2817) St Petersburg 2018}) 4... Nc6 5. Nc3 f6 6. Bd2 {D10: Slav Defence: 3 cxd5 (without early Nf3) and 3 Nc3} e6 7. Nf3 Bd6 8. e4 {LiveBook: 5 Games. White is slightly better.} Nge7 9. Bd3 O-O 10. O-O Bd7 $146 ({Predecessor:} 10... Qe8 11. Qc1 Qh5 {1-0 (41) Lindberg,B (2379)-Van Delft,M (2381) Porto Carras 2018}) 11. Qb3 {[%cal Re4d5]} Nb4 (11... Qb6 $11 {remains equal.}) 12. Nxd5 (12. Bb1 $16) 12... Nbxd5 $11 13. exd5 Nxd5 14. Rfe1 Qb6 15. Qxb6 Nxb6 16. Rac1 g6 17. h4 Kf7 18. g3 Bc6 19. Nh2 h5 20. Nf1 Rg8 21. f4 Nd5 22. Ne3 Nxe3 23. Bxe3 Bd5 24. a3 Rac8 25. Kf2 Bc7 26. Rc2 Bb6 27. Rec1 Rxc2+ 28. Rxc2 Rd8 29. b4 a6 30. Rc1 Rd6 31. Ke2 Bc6 32. Rc2 (32. d5 $11 Bxe3 33. Kxe3 exd5 34. Kd4) 32... Bd5 33. Rc1 Rd8 34. Rc2 Kg7 35. Rc1 Ra8 36. Rc2 Kf7 37. Rc1 Kg7 38. Rc2 Bh1 39. Rc1 Bc6 40. Rc2 {[#] And now d5! would win.} Re8 (40... Bd8 {with more complications.} 41. Rc1 Kf7 42. Kf2 a5 43. b5 Bd5) 41. Rc3 Bb5 42. Bxb5 axb5 {[%mdl 4096] Endgame KRB-KRB} 43. Kd3 Kf7 {[#]} (43... Rd8 $11) 44. Ke4 (44. d5 $1 $16 Bxe3 45. Rc7+ Kg8 46. Kxe3) 44... Rd8 ({Black should play} 44... Ke7 $1 $15) 45. Rc2 (45. Kf3 $1 $11) 45... Ke7 $1 $15 46. Rc1 Kd7 47. Rc2 Re8 48. Rc1 Re7 ({Better is} 48... Ra8 $15 49. Rc3 Kd6) 49. Rc2 Kd8 50. Rc1 Rd7 51. Rc2 Rd5 52. Rc1 Kd7 53. Rc2 Ba7 54. Rc1 b6 55. Ra1 {The position is equal.} Bb8 56. Rc1 Bd6 57. Re1 Be7 58. Kd3 g5 (58... Bd8 {seems wilder.} 59. Ra1 Kc6 60. Re1 Kd6 61. Bd2 Kd7) 59. hxg5 fxg5 60. fxg5 Bxg5 61. Rh1 Bxe3 62. Kxe3 $11 {KR-KR} Ke7 63. Rc1 Rg5 64. Kf3 Kd7 65. Rc2 Rd5 66. Ke4 Rf5 67. Rc1 Rg5 68. Kf3 Rg4 69. Rh1 Rg5 70. Rc1 Rg8 71. Re1 Rf8+ 72. Ke4 Kd6 73. Rh1 Rf5 74. Rh4 Rg5 75. Kf4 Rd5 76. Ke4 Rf5 77. g4 hxg4 78. Rxg4 Rf1 79. Rg5 Re1+ 80. Kd3 Kc6 81. Rg6 Kb7 82. Kd2 Re4 83. Kd3 Re1 84. Kd2 Ra1 85. Rxe6 Rxa3 86. Kc2 Rh3 87. Rg6 Kc7 88. Rf6 {Precision: White = 43%, Black = 51%.} 1/2-1/2

[Event "33rd Cannes Open 2019"]
[Site "Cannes"]
[Date "2019.02.19"]
[Round "2.5"]
[White "Nasuta, Grzegorz"]
[Black "Pantzar, Milton"]
[Result "1-0"]
[WhiteElo "2504"]
[BlackElo "2331"]
[Annotator "TA"]
[PlyCount "53"]
[EventDate "2019.02.18"]
[EventType "swiss"]
[EventCountry "FRA"]
[SourceTitle "playchess.com"]
[Source "ChessBase"]
[SourceQuality "1"]

{[%evp 15,53,16,23,20,13,28,22,32,44,38,66,21,55,33,34,38,45,-29,-29,-47,75,78,120,119,140,108,110,123,114,122,100,108,124,127,136,111,260,275,297,286]} 1. e4 e5 2. Nf3 Nc6 3. Bb5 a6 4. Ba4 Nf6 5. O-O Be7 6. Bxc6 dxc6 7. d3 Nd7 8. b3 c5 9. Bb2 {C85: Closed Ruy Lopez: Deferred Exchange Variation} f6 10. Nh4 {Hoping for Qh5+.} O-O 11. Nf5 {The position is equal.} Rf7 $146 ({Predecessor:} 11... Nb8 12. Qg4 g6 13. Nxe7+ Qxe7 14. Qg3 Nc6 15. Nd2 Nb4 16. Rfc1 g5 {0-1 (45) Zakhartsov,V (2452)-Morozevich,A (2683) Sochi 2016}) 12. f4 Bf8 13. Qf3 {fxe5 is the strong threat.} (13. Qh5 {feels hotter.} Qe8 14. Nc3 c6 15. Ne2 a5 16. a4) 13... g6 14. fxe5 Nxe5 15. Bxe5 Bxf5 $1 16. exf5 (16. Bb2 $14 Be6 17. Nd2) 16... fxe5 $11 17. Nd2 {[%cal Bb1d2,Bd2f3,Bf3g5,Bg5e4,Be4g3][%mdl 32] Black must now prevent f6.} gxf5 (17... Bh6 $15 {keeps the upper hand.} 18. Ne4 Qd4+ 19. Kh1 Rxf5) 18. Qxb7 $16 Qd4+ 19. Kh1 Re8 20. Nf3 Qd6 21. Ng5 Rf6 {[#]} 22. Qf3 $1 {aiming for Ne4!} Qd7 23. Rae1 Bg7 24. Qh3 $36 {[%mdl 2048] Black is under strong pressure.} h6 {[#]} 25. Ne4 $1 {[%mdl 576] Pin} Rff8 {[#]} (25... Rf7 $16) (25... fxe4 26. Qxd7) 26. Ng3 $1 $18 ({Resist} 26. Nxc5 $6 Qd4 $16) 26... e4 27. dxe4 {Accuracy: White = 58%, Black = 31%.} 1-0

[Event "33rd Cannes Open 2019"]
[Site "Cannes"]
[Date "2019.02.19"]
[Round "2.6"]
[White "Shailesh, Dravid"]
[Black "Krzyzanowski, Marcin"]
[Result "0-1"]
[WhiteElo "2324"]
[BlackElo "2504"]
[Annotator "TA"]
[PlyCount "112"]
[EventDate "2019.02.18"]
[EventType "swiss"]
[EventCountry "FRA"]
[SourceTitle "playchess.com"]
[Source "ChessBase"]
[SourceQuality "1"]

{[%evp 19,112,40,53,4,6,-16,0,-8,7,-18,27,26,36,0,0,0,10,0,20,22,45,26,35,0,39,0,27,-18,-20,-42,-35,-39,-45,-64,-27,-116,-96,-314,-322,-316,-305,-298,-290,-351,-353,-347,-351,-350,-350,-339,-346,-348,-341,-360,-345,-345,-345,-364,-358,-360,-244,-232,-204,-260,-243,-269,-162,-262,-172,-255,-249,-387,-380,-381,-383,-556,-567,-520,-520,-753,-570,-548,-514,-791,-763,-912,-908,-908,-784,-900,-893,-800,-758,-674,-661]} 1. e4 d6 2. d4 Nf6 3. Nc3 g6 4. Nf3 Bg7 5. Be2 c6 6. a4 O-O 7. O-O Qc7 8. h3 Nbd7 9. Be3 e5 10. dxe5 Nxe5 11. Nd2 {B08: Pirc Defence: Classical System} (11. Nxe5 dxe5 12. Bc4 Re8 13. Qb1 Nh5 14. a5 Nf4 15. Rd1 Qe7 16. Kh2 g5 17. Rd2 g4 18. hxg4 Bxg4 {½-½ (18) Arnaudov,P (2462)-Rusev,K (2541) Pristina 2015}) 11... Re8 12. f4 Ned7 13. Bf3 {The position is equal.} Nf8 14. Nc4 d5 15. exd5 Nxd5 16. Nxd5 $146 ({Predecessor:} 16. Bd4 Nxc3 17. Bxc3 Bxc3 18. bxc3 {0-1 (37) Kaya,E (2000)-Mammadova,G (2334) Kocaeli 2014}) 16... cxd5 17. Ne5 Be6 18. Bd4 Qd6 19. c3 Bh6 20. Bg4 Bg7 21. Bf3 Bh6 22. Bg4 (22. Qd2 {with more complications.} Nd7 23. Rad1 Rad8 24. Rfe1 b6 25. g3) 22... Bg7 23. Be2 Bf5 24. Bb5 Re7 25. Nf3 a6 26. Bd3 Qxf4 27. Ne5 (27. Bxg7 $11 {keeps the balance.} Qe3+ 28. Rf2 Qxd3 29. Bf6) 27... Qg5 $17 28. Rxf5 $2 (28. Bxf5 $17 Bxe5 29. Bg4) 28... gxf5 $19 29. Nf3 Bxd4+ 30. Nxd4 Rae8 31. Nxf5 {[#]} Re1+ $1 32. Qxe1 Rxe1+ 33. Rxe1 Ne6 34. Re3 {aiming for Rg3.} Kf8 35. h4 Qg4 36. Rf3 Nf4 {[%csl Gf4][%cal Rg4g2]} ({Resist} 36... Qxa4 37. Nd6 $19) 37. Ne3 Qxh4 38. g3 {[#]} Qg5 $1 39. Bxh7 Ne6 40. Bf5 {Bxe6 is the strong threat.} Ng7 41. Bc8 Qe7 42. Kf2 Ne8 43. Bf5 (43. Rf4 {keeps fighting.}) 43... Nf6 44. g4 (44. Rf4 $142) 44... Qe5 45. g5 (45. Kg2 {was worth a try.}) 45... Ne4+ 46. Bxe4 dxe4 {[%mdl 4096] Endgame KQ-KRN} ({Less strong is} 46... Qxe4 47. b3 $19) 47. Rf5 (47. Rg3 $142) 47... Qh2+ {Black is clearly winning.} 48. Ke1 Qxb2 49. Rc5 Qa1+ 50. Kf2 Qxa4 51. Nf5 (51. Kg3 $142 Qa3 52. Rc8+ Ke7 53. Kg4) 51... Qd7 52. c4 Qd2+ 53. Kf1 Qd3+ 54. Kf2 Qf3+ 55. Ke1 Qc3+ 56. Kf2 Kg8 {Accuracy: White = 21%, Black = 68%.} 0-1

[Event "33rd Cannes Open 2019"]
[Site "Cannes"]
[Date "2019.02.19"]
[Round "2.7"]
[White "Ghasi, Ameet K"]
[Black "Favoloro, Andrea"]
[Result "1/2-1/2"]
[WhiteElo "2503"]
[BlackElo "2316"]
[Annotator "TA"]
[PlyCount "47"]
[EventDate "2019.02.18"]
[EventType "swiss"]
[EventCountry "FRA"]
[SourceTitle "playchess.com"]
[Source "ChessBase"]
[SourceQuality "1"]

{[%evp 14,47,42,26,27,-7,-3,-20,-12,-20,7,0,4,0,0,0,0,-8,0,0,0,0,0,-7,-11,-44,-33,-81,-90,-91,-50,-45,-43,-35,0,-32]} 1. Nf3 d5 2. g3 g6 3. Bg2 Bg7 4. d4 Nf6 5. O-O O-O 6. c4 dxc4 7. Na3 c5 8. Nxc4 Be6 {D77: Fianchetto Grünfeld: 6 0-0: Replies other than 6...c6} 9. Ne3 (9. Nce5 cxd4 10. Qxd4 Qxd4 11. Nxd4 Bd5 12. Rd1 Bxg2 13. Kxg2 Rd8 14. Bf4 Nd5 15. Ndf3 Na6 16. Bd2 {½-½ (35) Nakamura,H (2777)-Caruana,F (2822) Saint Louis 2018}) 9... Nc6 {[%cal Rc5d4]} 10. Ng5 {[#] Black must now prevent d5.} Qxd4 $146 ({Predecessor:} 10... cxd4 11. Nxe6 fxe6 12. Nc4 Kh8 13. Qb3 Qd7 14. Bg5 {½-½ (14) Pavlov,S (2003)-Ajrapetjan,Y (2375) Simferopol 2004}) 11. Nxe6 Qxd1 (11... fxe6 {with more complications.} 12. Bxc6 bxc6 13. Qc2 Rad8 14. Nc4 Qe4) 12. Rxd1 fxe6 13. Bxc6 bxc6 14. Nc4 Nd5 15. Bg5 Rab8 16. Rd2 Rb4 17. Rc1 {[#]} Bc3 $1 {[%mdl 512]} 18. bxc3 Rxc4 19. f3 Kg7 ({Of course not} 19... Rxc3 20. Rxc3 Nxc3 21. Rc2 $14) 20. Rd3 h6 21. Bd2 Rb8 22. e4 Nf6 23. Rc2 Rb5 24. Kf2 {Accuracy: White = 48%, Black = 58%.} 1/2-1/2

[Event "33rd Cannes Open 2019"]
[Site "Cannes"]
[Date "2019.02.19"]
[Round "2.8"]
[White "Qendro, Llambi"]
[Black "Apicella, Manuel"]
[Result "1/2-1/2"]
[WhiteElo "2323"]
[BlackElo "2501"]
[Annotator "TA"]
[PlyCount "31"]
[EventDate "2019.02.18"]
[EventType "swiss"]
[EventCountry "FRA"]
[SourceTitle "playchess.com"]
[Source "ChessBase"]
[SourceQuality "1"]

{[%evp 13,31,0,11,-2,0,-6,-3,-6,5,-6,0,0,0,-1,23,0,29,26,25,23]} 1. d4 e6 2. c4 d5 3. Nc3 c6 4. cxd5 exd5 5. Nf3 Bd6 6. Bg5 Ne7 7. e3 Bf5 8. Bd3 {D31: Queen's Gambit Declined: Semi-Slav without ...Nf6 (+ Marshall Gambit and Noteboom) and Exchange Variation lines without ...Nf6} Bxd3 9. Qxd3 O-O 10. O-O $1 {The position is equal.} Nd7 (10... Na6 11. e4 Nb4 12. Qe2 dxe4 13. Qxe4 Qd7 14. Bxe7 Qxe7 15. Qxe7 Bxe7 {0-1 (60) Vyskocil,N (2315)-Zilka,S (2533) Czech Republic 2019}) 11. Rab1 a5 12. Rfe1 $146 ({Predecessor:} 12. a3 Re8 13. b4 axb4 14. axb4 Ra3 15. Qc2 f6 {½-½ (26) Yasaki,F-Duriez,A St Lorenzo 1995}) 12... h6 13. Bh4 f5 14. Bg3 Qb8 15. Na4 Bxg3 16. hxg3 1/2-1/2

[Event "33rd Cannes Open 2019"]
[Site "Cannes"]
[Date "2019.02.19"]
[Round "3.1"]
[White "Godena, Michele"]
[Black "Gupta, Abhijeet"]
[Result "0-1"]
[WhiteElo "2448"]
[BlackElo "2587"]
[Annotator "TA"]
[PlyCount "110"]
[EventDate "2019.02.18"]
[EventType "swiss"]
[EventCountry "FRA"]
[SourceTitle "playchess.com"]
[Source "ChessBase"]
[SourceQuality "1"]

{[%evp 11,110,37,64,13,25,14,31,22,35,12,28,20,38,19,29,0,2,0,4,0,4,0,7,6,6,0,10,8,10,2,12,3,15,0,3,2,6,6,13,0,0,0,8,0,0,0,6,0,0,0,0,-8,-8,-12,0,-6,-6,-4,-19,-22,-25,-37,-12,-36,0,-65,-32,-39,-37,-56,-49,-47,-37,-23,-38,-54,-33,-109,-109,-163,-163,-191,-160,-279,-265,-337,-237,-258,-183,-646,-577,-637,-573,-1018,-997,-29975,-29971,-6605,-3288,-2691,-2242]} 1. e4 c5 2. c3 d5 3. exd5 Qxd5 4. d4 g6 5. Nf3 Bg7 6. Na3 Nf6 7. Nb5 {B22: Sicilian: 2 c3} ({White should try} 7. Bc4 $14 Qe4+ 8. Be3) (7. Bc4 Qe4+ 8. Be3 cxd4 9. Bxf7+ Kf8 10. cxd4 Bh6 11. O-O Bxe3 12. fxe3 Qxe3+ 13. Kh1 Kxf7 14. Nc4 Qh6 15. Qb3 {0-1 (47) Salgado Lopez,I (2597)-Korobov,A (2713) Warsaw 2013}) 7... Na6 $11 8. Be2 O-O 9. O-O {White is slightly better.} cxd4 10. Nfxd4 Qd8 $146 ({Predecessor:} 10... e5 11. Nb3 Be6 12. Be3 b6 13. Nd2 Qc6 14. a4 Nc5 {½-½ (29) Seres,L (2424)-Boros,D (2402) Budapest 2005}) 11. Nb3 Bd7 12. Bf4 Qc8 13. Qd4 Bxb5 14. Bxb5 Nc7 15. Bxc7 Qxc7 16. Qc5 (16. Rfd1 {seems wilder.} a6 17. Be2 Rfc8 18. Qa4 Rab8 19. Rd2) 16... Rfc8 17. Qxc7 Rxc7 18. Rfd1 Ne4 19. Be2 Nd6 20. Rd5 Rb8 21. Rad1 Bf6 22. Rc5 Rxc5 23. Nxc5 {Nd7 is the strong threat.} Rc8 24. Rd5 b6 25. Nd7 Bg7 26. Ne5 f6 27. Ba6 Rc7 28. Nd3 Kf7 29. Kf1 Bf8 30. Nb4 e5 31. Rd1 Ke6 32. Be2 f5 33. g3 b5 34. Nd5 Rc5 35. Ne3 Bh6 36. Nc2 a5 {[%cal Ba7a5,Ba5a4][%mdl 32]} 37. Bd3 Rc8 38. Ra1 ({White should play} 38. f4 $11) 38... Bg7 39. Ne3 e4 $36 {[%mdl 2048] Black is more active.} 40. Bc2 a4 41. Re1 Bh6 42. f4 Bg7 43. Ke2 Bf6 44. h4 {[#]} ({Better is} 44. a3 $15) 44... Bd8 $1 $17 45. Rd1 (45. Kd1 $17) 45... Bb6 $19 46. Nd5 {[#]} Ba7 $1 47. Nb4 (47. b3 $17 Rc5 48. Nb4) 47... Nc4 48. Rb1 Bc5 49. Na6 Bd6 50. a3 $2 (50. Bd1) 50... Rc6 51. Nb4 Bxb4 52. axb4 Rd6 53. b3 Rd2+ {[%mdl 64] Double Attack} 54. Ke1 Rxc2 55. bxc4 Rh2 {Accuracy: White = 51%, Black = 72%.} 0-1

[Event "33rd Cannes Open 2019"]
[Site "Cannes"]
[Date "2019.02.19"]
[Round "3.2"]
[White "Barp, Alberto"]
[Black "Maiorov, Nikita"]
[Result "1/2-1/2"]
[WhiteElo "2420"]
[BlackElo "2523"]
[Annotator "TA"]
[PlyCount "36"]
[EventDate "2019.02.18"]
[EventType "swiss"]
[EventCountry "FRA"]
[SourceTitle "playchess.com"]
[Source "ChessBase"]
[SourceQuality "1"]

{[%evp 16,36,7,13,14,15,22,15,58,19,41,34,38,30,25,25,42,37,39,37,39,38,45]} 1. d4 Nf6 2. c4 e6 3. g3 Bb4+ 4. Bd2 Be7 5. Bg2 d5 6. Nf3 O-O 7. Qc2 c6 8. O-O Nbd7 9. Rd1 a5 {E11: Bogo-Indian} (9... b6 10. Bf4 Nh5 11. Bd2 Nhf6 12. Bf4 Nh5 13. Bd2 Bb7 14. Ne5 Rc8 15. Nc3 Nhf6 16. Bf4 Nh5 17. Bd2 a6 18. e4 dxc4 19. Nxc4 b5 20. Ne3 c5 21. d5 c4 22. a4 Qb6 23. axb5 axb5 24. Ne2 {½-½ (54) Cheparinov,I (2709)-Karjakin,S (2753) St Petersburg 2018}) 10. Bf4 Nh5 11. Bc1 f5 {The position is equal.} 12. b3 Bd6 $146 ({Predecessor:} 12... Nhf6 13. Bb2 Ne4 14. e3 Bd6 15. Nc3 Qe7 16. Ne2 a4 17. Rac1 {½-½ (46) Heimann,A (2576)-Khotenashvili,B (2486) Bad Kissingen 2018}) 13. Ba3 Bxa3 14. Nxa3 Qe7 15. Qb2 Nhf6 16. Nc2 {[%cal Ba3c2,Bc2e1,Be1d3][%mdl 32] White is slightly better.} b6 17. Nce1 Bb7 18. Nd3 Rac8 {Accuracy: White = 67%, Black = 67%.} 1/2-1/2

[Event "33rd Cannes Open 2019"]
[Site "Cannes"]
[Date "2019.02.19"]
[Round "3.3"]
[White "Popov, Artem G."]
[Black "Nasuta, Grzegorz"]
[Result "1/2-1/2"]
[WhiteElo "1353"]
[BlackElo "2504"]
[Annotator "ChessBase"]
[PlyCount "51"]
[EventDate "2019.02.18"]
[EventType "swiss"]
[EventCountry "FRA"]
[SourceTitle "playchess.com"]
[Source "ChessBase"]
[SourceQuality "1"]
[TimeControl "40/5400+30:1800+30"]

1. d4 {[%emt 0:01:21]} Nf6 {[%emt 0:00:06]} 2. c4 {[%emt 0:00:07]} g6 {[%emt 0:00:05]} 3. Nc3 {[%emt 0:00:52]} d5 {[%emt 0:00:05]} 4. Bg5 {[%emt 0:00:06]} Bg7 {[%emt 0:00:05]} 5. Bxf6 {[%emt 0:00:37]} Bxf6 {[%emt 0:00:05]} 6. cxd5 {[%emt 0:00:06]} c6 {[%emt 0:00:19]} 7. e4 {[%emt 0:00:12]} Bg7 {[%emt 0:00:38]} 8. Bc4 {[%emt 0:01:09]} cxd5 {[%emt 0:00:09]} 9. exd5 {[%emt 0:01:12]} O-O {[%emt 0:00:47]} 10. Nge2 {[%emt 0:00:29]} Nd7 {[%emt 0:01:09]} 11. O-O {[%emt 0:00:51]} Nf6 {[%emt 0:01:12]} 12. Qb3 {[%emt 0:05:52]} a6 {[%emt 0:11:49]} 13. a4 {[%emt 0:01:03]} b6 {[%emt 0:01:25]} 14. Rfe1 {[%emt 0:15:25]} Bb7 {[%emt 0:05:13]} 15. Qb4 {[%emt 0:01:14]} Bxd5 {[%emt 0:24:43]} 16. Nxd5 {[%emt 0:21:55]} Nxd5 {[%emt 0:00:08]} 17. Bxd5 {[%emt 0:00:09]} Qxd5 {[%emt 0:00:06]} 18. Qxe7 {[%emt 0:00:16]} Rfd8 {[%emt 0:11:29]} 19. Rac1 {[%emt 0:06:55]} Bxd4 {[%emt 0:09:55]} 20. Nxd4 {[%emt 0:02:10]} Qxd4 {[%emt 0:00:07]} 21. Rc7 {[%emt 0:00:27]} Rf8 {[%emt 0:00:24]} 22. b3 {[%emt 0:02:51]} Rac8 {[%emt 0:05:48]} 23. h3 {[%emt 0:04:00]} Rxc7 {[%emt 0:17:03]} 24. Qxc7 {[%emt 0:00:16]} a5 {[%emt 0:00:13]} 25. Qe5 {[%emt 0:18:14]} Rd8 {[%emt 0:01:47]} 26. Re3 {[%emt 0:01:31]} 1/2-1/2

[Event "33rd Cannes Open 2019"]
[Site "Cannes"]
[Date "2019.02.19"]
[Round "3.4"]
[White "Krzyzanowski, Marcin"]
[Black "Yankelevich, Lev"]
[Result "1-0"]
[WhiteElo "2504"]
[BlackElo "2445"]
[Annotator "ChessBase"]
[PlyCount "95"]
[EventDate "2019.02.18"]
[EventType "swiss"]
[EventCountry "FRA"]
[SourceTitle "playchess.com"]
[Source "ChessBase"]
[SourceQuality "1"]
[TimeControl "40/5400+30:1800+30"]

1. d4 {[%emt 0:00:06]} Nf6 {[%emt 0:02:43]} 2. Bf4 {[%emt 0:00:27]} c5 {[%emt 0:02:13]} 3. d5 {[%emt 0:02:51]} d6 {[%emt 0:01:06]} 4. Nc3 {[%emt 0:01:13]} e5 {[%emt 0:00:02]} 5. dxe6 {[%emt 0:00:24]} Bxe6 {[%emt 0:00:03]} 6. e4 {[%emt 0:00:28]} d5 {[%emt 0:00:04]} 7. exd5 {[%emt 0:06:00]} Nxd5 {[%emt 0:00:13]} 8. Nxd5 {[%emt 0:01:15]} Bxd5 {[%emt 0:13:47]} 9. Qe2+ {[%emt 0:05:19]} Be6 {[%emt 0:05:03]} 10. Nf3 {[%emt 0:04:28]} Nc6 {[%emt 0:09:57]} 11. Qb5 {[%emt 0:05:22]} Qc8 {[%emt 0:13:14]} 12. O-O-O {[%emt 0:10:25]} Be7 {[%emt 0:01:25]} 13. Bd6 {[%emt 0:04:41]} O-O {[%emt 0:05:09]} 14. Qxc5 {[%emt 0:05:38]} b6 {[%emt 0:02:33]} 15. Qc3 {[%emt 0:07:22]} Rd8 {[%emt 0:10:04]} 16. Bxe7 {[%emt 0:03:17]} Rxd1+ {[%emt 0:00:04]} 17. Kxd1 {[%emt 0:00:04]} Qd7+ {[%emt 0:00:01]} 18. Kc1 {[%emt 0:00:41]} Nxe7 {[%emt 0:00:29]} 19. Bc4 {[%emt 0:02:04]} Rc8 {[%emt 0:01:21]} 20. Bxe6 {[%emt 0:03:41]} Qxe6 {[%emt 0:01:10]} 21. Rd1 {[%emt 0:03:15]} h6 {[%emt 0:05:10]} 22. Qb3 {[%emt 0:03:20]} Qg4 {[%emt 0:01:45]} 23. Qxf7+ {[%emt 0:00:58]} Kxf7 {[%emt 0:00:17]} 24. Ne5+ {[%emt 0:00:04]} Ke6 {[%emt 0:00:02]} 25. Nxg4 {[%emt 0:00:05]} Nd5 {[%emt 0:00:02]} 26. Ne3 {[%emt 0:00:41]} Nxe3 {[%emt 0:00:34]} 27. fxe3 {[%emt 0:00:25]} Rf8 {[%emt 0:00:01]} 28. c4 {[%emt 0:01:10]} Ke5 {[%emt 0:00:24]} 29. Kc2 {[%emt 0:02:29]} Ke4 {[%emt 0:00:09]} 30. Rd7 {[%emt 0:04:06]} Rf2+ {[%emt 0:00:23]} 31. Rd2 {[%emt 0:02:01]} Rf1 {[%emt 0:01:14]} 32. b4 {[%emt 0:14:16]} Kxe3 {[%emt 0:00:37]} 33. Kc3 {[%emt 0:01:51]} Rf5 {[%emt 0:04:12]} 34. Rd3+ {[%emt 0:01:23]} Ke4 {[%emt 0:01:14]} 35. Rd7 {[%emt 0:00:54]} Rg5 {[%emt 0:00:59]} 36. Re7+ {[%emt 0:00:45]} Kf4 {[%emt 0:00:41]} 37. Re2 {[%emt 0:00:44]} Rh5 {[%emt 0:00:04]} 38. Kd4 {[%emt 0:02:24]} Rxh2 {[%emt 0:01:47]} 39. g3+ {[%emt 0:01:08]} Kxg3 {[%emt 0:00:02]} 40. Rxh2 {[%emt 0:00:05]} Kxh2 {[%emt 0:00:01]} 41. c5 {[%emt 0:30:09]} g5 {[%emt 0:30:39]} 42. c6 {[%emt 0:00:02]} g4 {[%emt 0:00:06]} 43. c7 {[%emt 0:00:05]} g3 {[%emt 0:00:48]} 44. c8=Q {[%emt 0:00:05]} g2 {[%emt 0:00:02]} 45. Qc7+ {[%emt 0:00:08]} Kh1 {[%emt 0:00:44]} 46. Qc6 {[%emt 0:00:12]} h5 {[%emt 0:00:05]} 47. Ke3 {[%emt 0:00:13]} Kh2 {[%emt 0:00:55]} 48. Qd6+ {[%emt 0:00:04]} 1-0